00871nam a22002657a 45000010005000000030006000050050017000110080041000280200018000690400029000870500019001160820011001351000019001462450032001652500030001972600043002273000049002704900021003195050008003405200159003485210029005075210020005366500024005566500025005807550FISKH20250815122618.0250723b cb ||||| |||| 00| 0 eng d a9780618932504 aFISKHbengcFISKHdFISKH aQL737.C27 M345 a599.78 aMarkle, Sandra aBears / cBy Sandra Markle  aHoughton Mifflin Edition  aBoston : bHoughton Miffilin , c2000. a31 pages : bcolor illustrations ;c26 cm .  aGrowing Up Wild  aK  aDescribes different kinds of bear cubs and the changes they go through in their appearance and behavior as they grow up and become successful adult bears.8 a510 bLexile estimate 8 aK bRaz-Plus  aBears vNon-fiction aAnimalsvNon-fiction